[Event "Chigorin Memorial"]
[Site "St Petersburg"]
[Date "2015.10.03"]
[Round "1.1"]
[White "Tsirulnik, Maritsa"]
[Black "Khalifman, Alexander"]
[Result "0-1"]
[WhiteElo "2153"]
[BlackElo "2618"]
[PlyCount "120"]
[EventDate "2015.10.03"]
[EventType "swiss"]
[EventRounds "9"]
[EventCountry "RUS"]
[WhiteClock "0:19:57"]
[BlackClock "0:32:51"]

1. d4 g6 2. Nf3 Bg7 3. g3 c5 4. d5 Nf6 5. c4 b5 6. cxb5 a6 7. bxa6 d6 8. Nc3
Qa5 9. Bd2 O-O 10. Bg2 Nbd7 11. O-O Qxa6 12. Rb1 Nb6 13. e4 Nc4 14. a4 Bg4 15.
h3 Bxf3 16. Bxf3 Nxd2 17. Qxd2 Nd7 18. Bd1 Qa5 19. Qd3 Nb6 20. Bc2 Rfb8 21.
Rfc1 c4 22. Qe3 Nd7 23. Nb5 Nc5 24. Nd4 Bxd4 25. Qxd4 Rb4 26. Kg2 Rab8 27. Bd1
c3 28. Qxc3 Nxe4 29. Qe3 Qxd5 30. Bf3 Qd2 31. Bxe4 Qxe3 32. fxe3 Rxe4 33. a5
Rxe3 34. Rc2 Reb3 35. a6 Ra8 36. Ra1 Ra7 37. Rc6 Rxb2+ 38. Kf3 Kf8 39. Rc8+ Kg7
40. Rc3 Rb6 41. Rca3 Kf6 42. Ke4 Ke6 43. Kd4 Kd7 44. g4 Kc8 45. Rf1 e6 46. g5
Rbxa6 47. Rxa6 Rxa6 48. Rxf7 Ra4+ 49. Kc3 Rh4 50. Re7 e5 51. Ra7 Kd8 52. Rb7
Ke8 53. Ra7 Kf8 54. Rd7 Kg8 55. Rd8+ Kf7 56. Rxd6 Rxh3+ 57. Kc4 Rh5 58. Kd5
Rxg5 59. Rd7+ Kf6 60. Rxh7 Rg4 0-1

[Event "Chigorin Memorial"]
[Site "St Petersburg"]
[Date "2015.10.03"]
[Round "1.2"]
[White "Turov, Maxim"]
[Black "Danielyan, Vahe"]
[Result "1-0"]
[WhiteElo "2609"]
[BlackElo "2151"]
[PlyCount "69"]
[EventDate "2015.10.03"]
[EventType "swiss"]
[EventRounds "9"]
[EventCountry "RUS"]
[WhiteClock "0:33:29"]
[BlackClock "0:16:48"]

1. d4 Nf6 2. c4 g6 3. Nc3 Bg7 4. e4 d6 5. f4 O-O 6. Nf3 c5 7. d5 e6 8. dxe6
fxe6 9. Bd3 Nh5 10. g3 e5 11. f5 gxf5 12. exf5 Nc6 13. O-O Nf6 14. Bg5 Ne7 15.
Bxf6 Bxf6 16. g4 Bg7 17. Be4 Rb8 18. Nb5 Rf6 19. Bd5+ Kh8 20. Ng5 a6 21. Nc3
Nxd5 22. Qxd5 Bd7 23. Nf7+ Rxf7 24. Qxf7 Be8 25. Qe6 Qh4 26. f6 Bh6 27. f7 Be3+
28. Kh1 Bc6+ 29. Nd5 Qh6 30. Rf6 Qg7 31. Qxd6 Rf8 32. Raf1 Bd4 33. Qxf8+ Qxf8
34. Rxc6 bxc6 35. Nc7 1-0

[Event "Chigorin Memorial"]
[Site "St Petersburg"]
[Date "2015.10.03"]
[Round "1.3"]
[White "Svidinsky, Dmitry"]
[Black "Aleksandrov, Aleksej"]
[Result "0-1"]
[WhiteElo "2147"]
[BlackElo "2606"]
[PlyCount "140"]
[EventDate "2015.10.03"]
[EventType "swiss"]
[EventRounds "9"]
[EventCountry "RUS"]
[WhiteClock "0:00:32"]
[BlackClock "0:51:53"]

1. e4 e5 2. Nf3 Nc6 3. Bb5 a6 4. Ba4 Nf6 5. O-O Be7 6. Re1 b5 7. Bb3 d6 8. c3
O-O 9. h3 Na5 10. Bc2 c5 11. d4 Nd7 12. Nbd2 exd4 13. cxd4 Bb7 14. d5 Re8 15.
Nf1 Nc4 16. b3 Bf6 17. Rb1 Nce5 18. Nxe5 Nxe5 19. Ne3 Bc8 20. Bb2 Ra7 21. Rf1
Nd7 22. Ng4 Bxb2 23. Rxb2 h5 24. Ne3 Nf6 25. f3 Qe7 26. Qd2 Qe5 27. Bd3 Rae7
28. a4 Bd7 29. axb5 axb5 30. Ra2 Rb8 31. Nc2 Ree8 32. Rfa1 Rec8 33. Bf1 Nh7 34.
Ne3 Nf8 35. Nd1 Ng6 36. Nf2 Qf6 37. Kh1 Be8 38. Qb2 Qh4 39. Qd2 Qg3 40. Nd1 Bd7
41. Qf2 Qe5 42. Qb2 Qf4 43. Ra7 Rd8 44. Qf2 Qe5 45. Qb2 Qg5 46. Rc7 Ne5 47. Qf2
Qf6 48. Raa7 Be8 49. Ne3 Ra8 50. Kg1 Rxa7 51. Rxa7 Bd7 52. Rb7 Qf4 53. Ra7 Rc8
54. Be2 h4 55. Ra1 c4 56. bxc4 bxc4 57. Nc2 Rb8 58. Qe3 Qf6 59. Nd4 Rc8 60. Rc1
Rc5 61. f4 Ng6 62. Rxc4 Rxc4 63. Bxc4 Nxf4 64. Ne2 Ng6 65. Nd4 Qe5 66. Ne2 Qa1+
67. Kh2 Ne5 68. Bb3 Qe1 69. Bc2 Bb5 70. Qg5 Bxe2 0-1

[Event "Chigorin Memorial"]
[Site "St Petersburg"]
[Date "2015.10.03"]
[Round "1.4"]
[White "Goganov, Aleksey"]
[Black "Mrykhin, Igor"]
[Result "1-0"]
[WhiteElo "2603"]
[BlackElo "2146"]
[PlyCount "87"]
[EventDate "2015.10.03"]
[EventType "swiss"]
[EventRounds "9"]
[EventCountry "RUS"]
[WhiteClock "0:35:33"]
[BlackClock "0:29:44"]

1. e4 e5 2. Nf3 Nc6 3. Bc4 Bc5 4. O-O Nf6 5. d3 O-O 6. c3 d5 7. exd5 Nxd5 8. a4
a5 9. Nbd2 Nb6 10. Bb5 f6 11. d4 exd4 12. Ne4 Qd5 13. Nxc5 Qxc5 14. Nxd4 Nxd4
15. Be3 Be6 16. Bxd4 Qd6 17. Re1 Rad8 18. Qh5 Nd5 19. Bd3 h6 20. g3 Bf7 21. Qf5
g6 22. Qh3 Kg7 23. Be4 c5 24. Be3 Nxe3 25. Rxe3 f5 26. Bxb7 Rb8 27. Qg2 Bc4 28.
Rae1 Rf7 29. Qc6 Qxc6 30. Bxc6 Rxb2 31. Re5 Bd3 32. Rxc5 Rc7 33. Ree5 Kf6 34.
f4 g5 35. Bf3 g4 36. Ba8 Rd7 37. Rcd5 Rxd5 38. Bxd5 Rb1+ 39. Kf2 Rb2+ 40. Ke3
Bb1 41. Re6+ Kg7 42. Re7+ Kg6 43. Rb7 Rxh2 44. Rb6+ 1-0

[Event "Chigorin Memorial"]
[Site "St Petersburg"]
[Date "2015.10.03"]
[Round "1.5"]
[White "Azimov, Ilyas"]
[Black "Kokarev, Dmitry"]
[Result "0-1"]
[WhiteElo "2140"]
[BlackElo "2603"]
[PlyCount "132"]
[EventDate "2015.10.03"]
[EventType "swiss"]
[EventRounds "9"]
[EventCountry "RUS"]
[WhiteClock "0:00:38"]
[BlackClock "0:32:23"]

1. e4 c5 2. Nf3 d6 3. c3 Nf6 4. Be2 Nbd7 5. d3 g6 6. O-O b6 7. Nbd2 Bb7 8. Re1
Bg7 9. Bf1 O-O 10. d4 e5 11. dxe5 dxe5 12. Qc2 Qc7 13. b3 Rae8 14. Bb2 Ng4 15.
h3 Nh6 16. Rad1 Kh8 17. Bc4 Nf6 18. Nf1 Nhg8 19. Ng3 Ne7 20. a3 Kg8 21. Qe2 Nc8
22. Bb5 Re7 23. Ba6 Ba8 24. Bd3 Nd6 25. Nd2 h5 26. c4 Bh6 27. Nf3 Nb7 28. Bc2
Na5 29. Bc1 Bxc1 30. Rxc1 Nc6 31. Qe3 Nh7 32. Qh6 Re6 33. Ng5 Nxg5 34. Qxg5 Qd8
35. Qe3 Nd4 36. Ne2 f5 37. f3 f4 38. Qc3 g5 39. Nxd4 cxd4 40. Qd3 Kg7 41. Bd1
Qe7 42. b4 Rc8 43. Be2 Rc7 44. Rc2 Bc6 45. Rec1 Ba4 46. Rb2 Be8 47. Rbc2 Rec6
48. Kh2 Bf7 49. Bd1 a5 50. b5 Rc5 51. Be2 Rc8 52. Kg1 Be6 53. Kf1 Qc7 54. Ke1
Qf7 55. Kd2 Kf6 56. Kd1 R8c7 57. Kd2 Qg8 58. Kd1 Ke7 59. Kd2 Kd6 60. Kd1 g4 61.
hxg4 hxg4 62. fxg4 Bxg4 63. Bxg4 Qxg4+ 64. Ke1 Rg7 65. Rf2 Qh4 66. Ke2 Rg3 0-1

[Event "Chigorin Memorial"]
[Site "St Petersburg"]
[Date "2015.10.03"]
[Round "1.6"]
[White "Demchenko, Anton"]
[Black "Feduk, Viktor"]
[Result "1/2-1/2"]
[WhiteElo "2595"]
[BlackElo "2136"]
[PlyCount "73"]
[EventDate "2015.10.03"]
[EventType "swiss"]
[EventRounds "9"]
[EventCountry "RUS"]
[WhiteClock "0:26:09"]
[BlackClock "0:02:07"]

1. e4 e5 2. Nf3 Nc6 3. Bc4 Bc5 4. d3 Nf6 5. Bg5 h6 6. Bh4 O-O 7. a4 d6 8. c3 a5
9. O-O g5 10. Bg3 Bg4 11. Nbd2 Nh5 12. Kh1 Qf6 13. h3 Bxf3 14. Nxf3 Nf4 15. Nh2
Qg6 16. Bxf4 gxf4 17. g3 fxg3 18. fxg3 Kg7 19. Qb3 Bb6 20. g4 Ne7 21. Rf3 f6
22. h4 h5 23. Rg3 f5 24. Be6 fxg4 25. Bxg4 Rf4 26. Qe6 Qxe6 27. Bxe6+ Kf6 28.
Bc4 Ng6 29. Rf3 Nxh4 30. Rxf4+ exf4 31. d4 Re8 32. Bd3 c5 33. Rf1 Kg5 34. Rg1+
Kf6 35. Rf1 Kg5 36. Rg1+ Kf6 37. Rf1 1/2-1/2

[Event "Chigorin Memorial"]
[Site "St Petersburg"]
[Date "2015.10.03"]
[Round "1.7"]
[White "Ivanov, Rostislav"]
[Black "Sakaev, Konstantin"]
[Result "0-1"]
[WhiteElo "2134"]
[BlackElo "2594"]
[PlyCount "87"]
[EventDate "2015.10.03"]
[EventType "swiss"]
[EventRounds "9"]
[EventCountry "RUS"]
[WhiteClock "0:27:53"]
[BlackClock "0:27:22"]

1. e4 c5 2. Nf3 e6 3. d4 cxd4 4. Nxd4 a6 5. Nc3 Qc7 6. Bd3 Nf6 7. O-O Nc6 8.
Nxc6 dxc6 9. Qe2 e5 10. a4 Bb4 11. Nd1 O-O 12. c3 Be7 13. f4 Bg4 14. Qc2 Bxd1
15. Qxd1 Rad8 16. Qe2 Qd7 17. Bc2 Qg4 18. Qf2 Qh5 19. h3 exf4 20. Bxf4 Bc5 21.
Be3 Bxe3 22. Qxe3 Rfe8 23. Rae1 Qe5 24. Rf2 Re7 25. Ref1 Rde8 26. Rf5 Qd6 27.
Qf3 Re5 28. Rxe5 Rxe5 29. b4 Qe7 30. Re1 g6 31. Re2 Kg7 32. g3 Qe6 33. Kg2 Rh5
34. g4 Re5 35. Qf4 Qe7 36. Qe3 h5 37. gxh5 Nxh5 38. Kh2 Nf6 39. Qd4 Nh5 40. Rf2
Nf6 41. c4 a5 42. b5 c5 43. Qc3 b6 44. Qf3 0-1

[Event "Chigorin Memorial"]
[Site "St Petersburg"]
[Date "2015.10.03"]
[Round "1.8"]
[White "Amonatov, Farrukh"]
[Black "Derli, Olga"]
[Result "1/2-1/2"]
[WhiteElo "2591"]
[BlackElo "2131"]
[PlyCount "101"]
[EventDate "2015.10.03"]
[EventType "swiss"]
[EventRounds "9"]
[EventCountry "RUS"]
[WhiteClock "0:07:59"]
[BlackClock "0:05:13"]

1. e4 e6 2. d4 d5 3. Nc3 Bb4 4. e5 c5 5. a3 Bxc3+ 6. bxc3 Ne7 7. Qg4 Qc7 8. Bd3
cxd4 9. Ne2 dxc3 10. Qxg7 Rg8 11. Qxh7 Nbc6 12. Bf4 Bd7 13. O-O O-O-O 14. Qh4
Ng6 15. Bxg6 Rxg6 16. Bg3 Rdg8 17. Rfe1 Qb6 18. Nxc3 Rg4 19. Qf6 Nd4 20. Qxf7
Qb2 21. Nxd5 exd5 22. Rab1 Ne2+ 23. Kh1 Nxg3+ 24. fxg3 Qc3 25. e6 Bc6 26. e7
Re8 27. Qe6+ Bd7 28. Qxd5 Qc6 29. Qe5 Rc4 30. Re2 Rc5 31. Qe3 b6 32. Rbe1 Kb7
33. Qf2 Rf5 34. Qd4 Rd5 35. Qe4 Rc5 36. Qh7 Rf5 37. g4 Rf4 38. h3 Qf6 39. Qd3
Bc6 40. Kh2 Qg5 41. Qg3 Rf7 42. Re5 Qd2 43. R1e2 Qc1 44. g5 Rf1 45. Qe3 Rh1+
46. Kg3 Qf1 47. Re6 Rg1 48. Qd2 Qf5 49. Kh2 Rxg2+ 50. Rxg2 Qxe6 51. Re2 1/2-1/2

[Event "Chigorin Memorial"]
[Site "St Petersburg"]
[Date "2015.10.03"]
[Round "1.9"]
[White "Altshul, Raffael"]
[Black "Andriasian, Zaven"]
[Result "0-1"]
[WhiteElo "2130"]
[BlackElo "2591"]
[PlyCount "110"]
[EventDate "2015.10.03"]
[EventType "swiss"]
[EventRounds "9"]
[EventCountry "RUS"]
[WhiteClock "0:04:32"]
[BlackClock "0:35:44"]

1. e4 d6 2. d4 g6 3. Nf3 Bg7 4. Be2 Nf6 5. Nc3 O-O 6. O-O c6 7. a4 Bg4 8. Ng5
Bxe2 9. Qxe2 e5 10. dxe5 dxe5 11. Nf3 Nh5 12. g3 Na6 13. Be3 Qe7 14. Qc4 Kh8
15. Rfe1 Nf6 16. h3 Nd7 17. a5 f5 18. exf5 gxf5 19. Bg5 Qe8 20. Rad1 e4 21. Rd6
Nc7 22. Bh6 Qe7 23. Bxg7+ Qxg7 24. Qd4 Rf7 25. Qxg7+ Kxg7 26. Red1 Nf8 27. Nh4
Re8 28. Rd8 Re5 29. Ra1 Ng6 30. Nxg6 hxg6 31. Ra4 Ne6 32. Rd6 Ng5 33. h4 Nf3+
34. Kf1 Rc5 35. Ke2 Ne5 36. Rdd4 Re7 37. Ke3 Kf7 38. Rdb4 Ng4+ 39. Ke2 Rce5 40.
Rc4 Rd7 41. Rd4 Rxd4 42. Rxd4 Rxa5 43. Rd7+ Ke6 44. Rxb7 Ra1 45. Nd1 Ne5 46.
Rg7 a5 47. b3 c5 48. Ne3 Nf3 49. Ng2 Kf6 50. Rc7 Rg1 51. Rc6+ Kg7 52. Rxc5 Rxg2
53. Ke3 Nh2 54. h5 Ng4+ 55. Kf4 Kh6 0-1

[Event "Chigorin Memorial"]
[Site "St Petersburg"]
[Date "2015.10.03"]
[Round "1.10"]
[White "Bok, Benjamin"]
[Black "Bratus, Petr P"]
[Result "1-0"]
[WhiteElo "2591"]
[BlackElo "2124"]
[PlyCount "77"]
[EventDate "2015.10.03"]
[EventType "swiss"]
[EventRounds "9"]
[EventCountry "RUS"]
[WhiteClock "0:01:59"]
[BlackClock "0:28:00"]

1. e4 c5 2. Nf3 e6 3. d4 cxd4 4. Nxd4 Nc6 5. Nc3 Nf6 6. Ndb5 d6 7. Bf4 e5 8.
Bg5 a6 9. Na3 Be7 10. Nc4 Nd4 11. Bxf6 Bxf6 12. Nd5 b5 13. Ncb6 Rb8 14. Nxc8
Rxc8 15. c3 Nc6 16. a4 Rb8 17. axb5 axb5 18. Ra6 Qc8 19. Bxb5 Rxb5 20. Qa4 Rxb2
21. Ra8 Rb8 22. Rxb8 Qxb8 23. Qxc6+ Kf8 24. Kd2 Bg5+ 25. Kc2 g6 26. h4 Be7 27.
Ra1 Qe8 28. Ra8 Bd8 29. Qxd6+ Kg7 30. g4 h6 31. c4 Rf8 32. g5 hxg5 33. hxg5 Rh8
34. f3 Rf8 35. Kb3 Rh8 36. Rb8 Rf8 37. c5 Rh8 38. c6 Rf8 39. c7 1-0

[Event "Chigorin Memorial"]
[Site "St Petersburg"]
[Date "2015.10.03"]
[Round "1.11"]
[White "Yashmetov, Mikhail"]
[Black "Maletin, Pavel"]
[Result "0-1"]
[WhiteElo "2123"]
[BlackElo "2581"]
[PlyCount "80"]
[EventDate "2015.10.03"]
[EventType "swiss"]
[EventRounds "9"]
[EventCountry "RUS"]
[WhiteClock "0:32:00"]
[BlackClock "0:50:23"]

1. d4 Nf6 2. c4 e6 3. g3 c5 4. d5 exd5 5. cxd5 d6 6. Bg2 g6 7. Nf3 Bg7 8. O-O
b5 9. Qb3 O-O 10. Bf4 Na6 11. Nc3 Rb8 12. a3 Re8 13. Rfe1 b4 14. axb4 cxb4 15.
Nb1 Nc5 16. Qd1 Nh5 17. Bc1 a5 18. Nbd2 a4 19. Rxa4 Nxa4 20. Qxa4 Bd7 21. Qb3
Qc7 22. Nc4 Bb5 23. Ne3 Bxe2 24. Bd2 Bxf3 25. Bxf3 Nf6 26. Rc1 Qd8 27. Rc4 Nd7
28. Rxb4 Nc5 29. Qc2 Qf6 30. Kg2 Rxb4 31. Bxb4 Qxb2 32. Qxb2 Bxb2 33. Nc4 Nd3
34. Ba5 Ra8 35. Be2 Ne5 36. Nxe5 Bxe5 37. Bb6 Ra2 38. Bf3 Bc3 39. Kf1 Kf8 40.
Kg2 Bb4 0-1

[Event "Chigorin Memorial"]
[Site "St Petersburg"]
[Date "2015.10.03"]
[Round "1.12"]
[White "Pridorozhni, Aleksei"]
[Black "Fraiman, Dmitry"]
[Result "1-0"]
[WhiteElo "2575"]
[BlackElo "2122"]
[PlyCount "79"]
[EventDate "2015.10.03"]
[EventType "swiss"]
[EventRounds "9"]
[EventCountry "RUS"]
[WhiteClock "1:40:01"]
[BlackClock "0:00:37"]

1. e4 c5 2. Nc3 a6 3. Nf3 d6 4. d4 cxd4 5. Nxd4 Nf6 6. h3 b5 7. g4 Bb7 8. Bg2
e5 9. Nf5 g6 10. Ne3 h5 11. g5 b4 12. Ncd5 Nxd5 13. Nxd5 Bxd5 14. Qxd5 Nd7 15.
Bd2 Rb8 16. Bf1 Nc5 17. h4 Be7 18. a3 a5 19. axb4 axb4 20. Bc4 O-O 21. f3 Kg7
22. Ra7 Ne6 23. Be3 Ra8 24. Rxa8 Qxa8 25. Qxa8 Rxa8 26. Kd2 Nf4 27. c3 bxc3+
28. Kxc3 f6 29. gxf6+ Bxf6 30. b4 Rd8 31. Kb3 Ng2 32. Bf2 Rb8 33. b5 Bd8 34.
Kb4 Kf8 35. Ra1 Bb6 36. Bxb6 Rxb6 37. Ra8+ Ke7 38. Ka5 Rb7 39. b6 Nxh4 40. Ra7
1-0

[Event "Chigorin Memorial"]
[Site "St Petersburg"]
[Date "2015.10.03"]
[Round "1.13"]
[White "Smirnov, Mikhail"]
[Black "Esen, Baris"]
[Result "1/2-1/2"]
[WhiteElo "2115"]
[BlackElo "2570"]
[PlyCount "181"]
[EventDate "2015.10.03"]
[EventType "swiss"]
[EventRounds "9"]
[EventCountry "RUS"]

1. e4 c5 2. c3 d5 3. exd5 Qxd5 4. d4 Nf6 5. Nf3 e6 6. Bd3 Be7 7. c4 Qd8 8. dxc5
Na6 9. O-O Nxc5 10. Bc2 b6 11. Qxd8+ Bxd8 12. b4 Ncd7 13. Bf4 Bb7 14. Nc3 Be7
15. Nb5 O-O 16. a3 a6 17. Bd6 Bxd6 18. Nxd6 Bxf3 19. gxf3 Rfd8 20. Be4 Ra7 21.
Rfd1 Kf8 22. Rac1 Ke7 23. Bb7 Kf8 24. Kf1 Ne8 25. Bc6 Rc7 26. b5 Nef6 27. Ne4
Rb8 28. Nxf6 Nxf6 29. a4 Ke7 30. c5 axb5 31. axb5 bxc5 32. Rxc5 Nd5 33. Rc4 Nb6
34. Rcd4 Ra7 35. R1d2 Rc8 36. Kg2 Ra5 37. Kg3 h5 38. h4 Rh8 39. f4 g6 40. Kg2
Rc8 41. Kg3 Rc7 42. Rd8 Ra3+ 43. Kg2 Rb3 44. R2d4 Rc8 45. R8d6 Kf6 46. Bb7 Rc4
47. Rd2 Rxb5 48. Ba6 Rcc5 49. Bxb5 Rxb5 50. R2d4 Ke7 51. Rc6 Nd5 52. Ra6 Rb7
53. Kg3 Rb3+ 54. Kg2 Rb7 55. Kg3 Kf8 56. Rd6 Ne7 57. Rd8+ Kg7 58. R8d7 Nf5+ 59.
Kh3 Rb1 60. Re4 Kf6 61. Ra4 Rh1+ 62. Kg2 Rxh4 63. f3 Kg7 64. Re4 Kf6 65. Ra4
Nh6 66. Re4 Kg7 67. Ra7 Ng8 68. Ra1 Ne7 69. Ra7 Kf6 70. Ra1 Nf5 71. Ra7 Nd6 72.
Rb4 Kg7 73. Rd7 Nf5 74. Re4 Kf8 75. Ra4 g5 76. Ra8+ Kg7 77. fxg5 Rb4 78. Raa7
Kg6 79. Rxf7 Kxg5 80. Ra2 Rf4 81. Kf2 Rh4 82. Ra6 Rh2+ 83. Ke1 Rh1+ 84. Kd2 Rf1
85. Ke2 Ng3+ 86. Kd3 Re1 87. Kd2 Re2+ 88. Kd3 Re1 89. Kd2 Re2+ 90. Kd3 Re1 91.
Kd2 1/2-1/2

[Event "Chigorin Memorial"]
[Site "St Petersburg"]
[Date "2015.10.03"]
[Round "1.14"]
[White "Tukhaev, Adam"]
[Black "Yakimenko, Anastasia"]
[Result "1-0"]
[WhiteElo "2569"]
[BlackElo "2115"]
[PlyCount "61"]
[EventDate "2015.10.03"]
[EventType "swiss"]
[EventRounds "9"]
[EventCountry "RUS"]

1. e4 c5 2. Nf3 Nc6 3. d4 cxd4 4. Nxd4 Nf6 5. Nc3 d6 6. Bg5 e6 7. Qd2 a6 8.
O-O-O Bd7 9. f4 Be7 10. Nf3 Rc8 11. e5 dxe5 12. fxe5 Nd5 13. Bxe7 Ncxe7 14. Ne4
O-O 15. Nd6 Rc7 16. Bd3 Ng6 17. Kb1 b5 18. h4 Qe7 19. Bxg6 fxg6 20. h5 h6 21.
Nh4 Nf4 22. hxg6 Be8 23. Rdf1 Nxg6 24. Nxe8 Rxf1+ 25. Rxf1 Qxe8 26. Nxg6 Rd7
27. Qc3 Rf7 28. Rxf7 Kxf7 29. Nf4 Qd7 30. Qd3 Qc7 31. Qg6+ 1-0

[Event "Chigorin Memorial"]
[Site "St Petersburg"]
[Date "2015.10.03"]
[Round "1.15"]
[White "Savinov, Leonid"]
[Black "Sandipan, Chanda"]
[Result "0-1"]
[WhiteElo "2110"]
[BlackElo "2567"]
[PlyCount "128"]
[EventDate "2015.10.03"]
[EventType "swiss"]
[EventRounds "9"]
[EventCountry "RUS"]

1. e4 c5 2. Nf3 d6 3. d4 cxd4 4. Qxd4 Nc6 5. Bb5 Bd7 6. Bxc6 Bxc6 7. Nc3 Nf6 8.
Bg5 e6 9. O-O-O Be7 10. Rhe1 O-O 11. Kb1 Qa5 12. Qd2 Qa6 13. Nd4 Rad8 14. f4 h6
15. h4 Rfe8 16. g4 Nxg4 17. Bxe7 Rxe7 18. Rg1 Nf6 19. f5 Kh7 20. Nxc6 Qxc6 21.
e5 Nh5 22. f6 gxf6 23. exf6 Nxf6 24. Qd3+ Kh8 25. Rdf1 Ng8 26. Qd4+ e5 27. Qg4
f6 28. Qh5 d5 29. Qf5 Qe6 30. Qh5 Rdd7 31. Rg6 Rg7 32. Rfg1 Rxg6 33. Qxg6 Re7
34. a4 d4 35. Ne2 f5 36. Qg2 Nf6 37. Nc1 Ng4 38. Nd3 e4 39. Nf4 Qd6 40. Qf1 Rg7
41. Nh5 Ne3 42. Qe1 Rxg1 43. Qxg1 Ng4 44. Qf1 d3 45. cxd3 Qxd3+ 46. Qxd3 exd3
47. Nf4 Ne5 48. Kc1 Kg7 49. b3 Nf3 50. Nxd3 Nxh4 51. a5 Nf3 52. b4 h5 53. Kd1
h4 54. Ke2 Nd4+ 55. Ke3 Nc6 56. Nc5 Nxb4 57. Nxb7 Kf6 58. Nc5 Kg5 59. Kf3 Nc6
60. a6 Ne5+ 61. Kf2 Kg4 62. Kg2 h3+ 63. Kh2 Kh4 64. Ne6 Ng4+ 0-1

[Event "Chigorin Memorial"]
[Site "St Petersburg"]
[Date "2015.10.03"]
[Round "1.16"]
[White "Belous, Vladimir"]
[Black "Eryshkanova, Anastasiya"]
[Result "1-0"]
[WhiteElo "2566"]
[BlackElo "2108"]
[PlyCount "51"]
[EventDate "2015.10.03"]
[EventType "swiss"]
[EventRounds "9"]
[EventCountry "RUS"]

1. d4 d5 2. Nf3 Nf6 3. c4 c6 4. e3 Bf5 5. cxd5 cxd5 6. Nc3 e6 7. Ne5 Nc6 8. g4
Bg6 9. h4 h6 10. Nxg6 fxg6 11. Bd3 Kf7 12. Qc2 Nxg4 13. Bxg6+ Ke7 14. Bd2 Rc8
15. Rc1 Nf6 16. Qb3 Qd7 17. Nb5 b6 18. Qa4 Kd8 19. Ke2 Ne8 20. Rc3 Nd6 21. Nxd6
Bxd6 22. Bd3 Rf8 23. Rhc1 Qf7 24. Rxc6 Qf3+ 25. Ke1 Rxc6 26. Qxc6 1-0

[Event "Chigorin Memorial"]
[Site "St Petersburg"]
[Date "2015.10.03"]
[Round "1.17"]
[White "Lagashin, Pavel"]
[Black "Lintchevski, Daniil"]
[Result "0-1"]
[WhiteElo "2107"]
[BlackElo "2562"]
[PlyCount "110"]
[EventDate "2015.10.03"]
[EventType "swiss"]
[EventRounds "9"]
[EventCountry "RUS"]

1. d4 c5 2. d5 d6 3. e4 Nf6 4. Nc3 g6 5. Bb5+ Bd7 6. a4 Bg7 7. Nge2 O-O 8. O-O
Bxb5 9. axb5 Nbd7 10. h3 Ne8 11. Bg5 Nc7 12. f4 Nb6 13. Qd3 Qd7 14. f5 a6 15.
bxa6 Nxa6 16. Qg3 Nc4 17. Qh4 f6 18. fxg6 hxg6 19. Bh6 g5 20. Bxg5 fxg5 21.
Qxg5 Rxf1+ 22. Rxf1 Rf8 23. Nf4 Nc7 24. Rf3 e5 25. dxe6 Nxe6 26. Qd5 Rxf4 27.
Rxf4 Ne3 28. Qa2 Nxc2 29. Nd5 Nb4 30. Qa8+ Nd8 31. Nf6+ Bxf6 32. Rxf6 Kg7 33.
Rf3 Nbc6 34. Qa1 Ne5 35. Rg3+ Kf8 36. Qc1 Ndf7 37. h4 Qa4 38. Qf4 d5 39. Qf5
Qd4+ 40. Kh2 dxe4 41. Qc8+ Ke7 42. Qxb7+ Nd7 43. Qb3 Qf6 44. Rg4 Qe5+ 45. Qg3
Nf6 46. Qxe5+ Nxe5 47. Rg5 Ke6 48. b3 e3 49. Kg1 Ne4 50. Rxe5+ Kxe5 51. Kf1
Ng3+ 52. Ke1 Kd4 53. h5 Nxh5 54. g4 Nf4 55. g5 Kd3 0-1

[Event "Chigorin Memorial"]
[Site "St Petersburg"]
[Date "2015.10.03"]
[Round "1.18"]
[White "Rozum, Ivan"]
[Black "Veselov, Andrey"]
[Result "1-0"]
[WhiteElo "2547"]
[BlackElo "2105"]
[PlyCount "49"]
[EventDate "2015.10.03"]
[EventType "swiss"]
[EventRounds "9"]
[EventCountry "RUS"]

1. e4 c5 2. Nf3 Nc6 3. d4 cxd4 4. Nxd4 Nf6 5. Nc3 g6 6. Bc4 Bg7 7. Be3 O-O 8.
Bb3 d6 9. f3 Bd7 10. Qd2 Qa5 11. O-O-O Rfc8 12. Kb1 Ne5 13. g4 a6 14. Bh6 Bh8
15. Nd5 Qd8 16. h4 Nc4 17. Qe2 b5 18. h5 a5 19. hxg6 fxg6 20. Bg5 Qe8 21. Nb6
Qf7 22. Bxf6 Bxf6 23. Nxd7 Bxd4 24. Rxd4 Ra6 25. a4 1-0

[Event "Chigorin Memorial"]
[Site "St Petersburg"]
[Date "2015.10.03"]
[Round "1.19"]
[White "Protopopova, Anastasiya"]
[Black "Alekseenko, Kirill"]
[Result "0-1"]
[WhiteElo "2102"]
[BlackElo "2539"]
[PlyCount "60"]
[EventDate "2015.10.03"]
[EventType "swiss"]
[EventRounds "9"]
[EventCountry "RUS"]

1. Nf3 Nf6 2. c4 g6 3. Nc3 d5 4. Qa4+ Bd7 5. Qb3 dxc4 6. Qxc4 a6 7. d4 b5 8.
Qd3 Bg7 9. g3 Bc6 10. Bg2 b4 11. Nb1 Be4 12. Qe3 O-O 13. Nbd2 Bd5 14. O-O Nbd7
15. Qd3 c5 16. e4 Bc6 17. Re1 cxd4 18. Qxd4 Ng4 19. Qxb4 Rb8 20. Qa3 Qb6 21.
Nc4 Qxf2+ 22. Kh1 Qc2 23. Ne3 Nxe3 24. Rxe3 Bxe4 25. Qxe7 Nf6 26. Ne1 Bxg2+ 27.
Nxg2 Rbe8 28. Qb4 Nd5 29. Qe1 Nxe3 30. Bxe3 Bxb2 0-1

[Event "Chigorin Memorial"]
[Site "St Petersburg"]
[Date "2015.10.03"]
[Round "1.20"]
[White "Timofeev, Artyom"]
[Black "Grinblat, Artemiy"]
[Result "1-0"]
[WhiteElo "2539"]
[BlackElo "2099"]
[PlyCount "69"]
[EventDate "2015.10.03"]
[EventType "swiss"]
[EventRounds "9"]
[EventCountry "RUS"]

1. e4 e6 2. d4 d5 3. Nd2 Nf6 4. e5 Nfd7 5. Bd3 c5 6. c3 Nc6 7. Ne2 cxd4 8. cxd4
f6 9. exf6 Qxf6 10. Nf3 h6 11. O-O Bd6 12. Ng3 O-O 13. Bc2 Rf7 14. Nh5 Qd8 15.
Bg6 Re7 16. Bf4 Nf8 17. Bc2 Rf7 18. Bg3 g6 19. Bh4 Be7 20. Bxe7 Qxe7 21. Ng3
Bd7 22. Re1 Qf6 23. Qd2 Rc8 24. Rad1 Kg7 25. Re3 Be8 26. h3 Rfc7 27. Bb1 Bf7
28. Ne5 Nxe5 29. dxe5 Qg5 30. Ne2 Nd7 31. f4 Qh4 32. Kh2 a6 33. Rg3 Kh7 34. Nd4
Nb8 35. Nxe6 1-0

[Event "Chigorin Memorial"]
[Site "St Petersburg"]
[Date "2015.10.03"]
[Round "1.21"]
[White "Lazhevskaya, Zhanni"]
[Black "Eliseev, Urii"]
[Result "0-1"]
[WhiteElo "2098"]
[BlackElo "2536"]
[PlyCount "48"]
[EventDate "2015.10.03"]
[EventType "swiss"]
[EventRounds "9"]
[EventCountry "RUS"]

1. e4 c5 2. Nf3 d6 3. d4 cxd4 4. Nxd4 Nf6 5. Nc3 Nc6 6. Be3 e5 7. Ndb5 a6 8.
Na3 Rb8 9. f3 Be6 10. Qd2 b5 11. Nd5 Bxd5 12. exd5 Ne7 13. c4 Nf5 14. Bf2 g6
15. g4 Nd4 16. Bxd4 exd4 17. g5 Nd7 18. f4 Bg7 19. Qe2+ Kf8 20. Rb1 h6 21. Qg4
hxg5 22. Qxg5 Qa5+ 23. Kd1 b4 24. Nc2 Qxa2 0-1

[Event "Chigorin Memorial"]
[Site "St Petersburg"]
[Date "2015.10.03"]
[Round "1.22"]
[White "Can, Emre"]
[Black "Khusenkhojaev, Mustafokhuja"]
[Result "1-0"]
[WhiteElo "2531"]
[BlackElo "2092"]
[PlyCount "63"]
[EventDate "2015.10.03"]
[EventType "swiss"]
[EventRounds "9"]
[EventCountry "RUS"]

1. Nf3 Nf6 2. c4 g6 3. Nc3 d5 4. cxd5 Nxd5 5. Qb3 Nb6 6. d4 Bg7 7. Bf4 O-O 8.
Rd1 c6 9. e4 Be6 10. Qc2 Na6 11. Bxa6 bxa6 12. O-O Qc8 13. h3 h6 14. Rfe1 Qb7
15. Be5 Rac8 16. Bxg7 Kxg7 17. Ne5 Rfd8 18. Ne2 Nd7 19. Nxd7 Bxd7 20. Nf4 Be8
21. Nd3 Rb8 22. b3 Qc8 23. Qc3 f6 24. Nc5 Bf7 25. Rd2 Rb5 26. e5 Qf5 27. exf6+
exf6 28. Re7 Kf8 29. Rde2 Rd6 30. Qe3 g5 31. Rxf7+ Kxf7 32. Qe8+ 1-0

[Event "Chigorin Memorial"]
[Site "St Petersburg"]
[Date "2015.10.03"]
[Round "1.23"]
[White "Trapeznikova, Darya"]
[Black "Stupak, Kirill"]
[Result "0-1"]
[WhiteElo "2092"]
[BlackElo "2531"]
[PlyCount "62"]
[EventDate "2015.10.03"]
[EventType "swiss"]
[EventRounds "9"]
[EventCountry "RUS"]

1. d4 e6 2. c4 Bb4+ 3. Nd2 Nf6 4. a3 Be7 5. e4 d5 6. cxd5 exd5 7. e5 Nfd7 8.
Ngf3 c5 9. Nb3 c4 10. Nbd2 Nc6 11. Be2 f6 12. exf6 Nxf6 13. O-O Bf5 14. Nb1 O-O
15. Nc3 Ne4 16. Ne5 Na5 17. g4 Nxc3 18. bxc3 Nb3 19. Ra2 Bb1 20. Rb2 Be4 21.
Be3 Rc8 22. f3 Bg6 23. f4 Be4 24. Bf3 b5 25. Rg2 Bxa3 26. Bxe4 dxe4 27. Qb1 Qd5
28. Ra2 b4 29. cxb4 Bxb4 30. Rxa7 Bd2 31. Bxd2 Qxd4+ 0-1